Albanian-Socialist 1980s Music Quiz: Name the Artist - Statistics

General Stats
  • This quiz has been taken 5 times
  • The average score is 13 of 30
Answer Stats
Song Release Date Artist % Correct
Nuk të harroj 1987 Irma & Eranda Libohova
100%
Sytë e tu 1989 Frederik Ndoci
67%
Lot me ty o djalë 1987 Kozma Dushi
67%
Kur jemi bashkë të dy 1980 Liljana Kondakçi
67%
A do vish 1987 Luan Zhegu
67%
Në moshën e rinisë 1985 Parashqevi Simaku
67%
Rrjedh në këngë e ligjërime 1980 Vaçe Zela
67%
Mimoza e dashurisë 1983 Adriana Ceko
33%
Prehri yt o nënë 1982 Afërdita Laçi
33%
E vogla mes shoqesh 1987 Anita Bitri
33%
Drini në legjendë të re 1981 Bahri Rustja
33%
Përherë me ty 1987 Bashkim Alibali & Nertila Koka
33%
Bukurinë ta dha fusha 1988 Elektra Simo
33%
Hidhe hapin vogëlush 1980 Elida Shehu
33%
Rinia ime 1983 Ema Qazimi
33%
Mbrëmja që mban dashurinë 1986 Ermira Babaliu
33%
Rrjedh në këngë e ligjërime 1980 Gaqo Çako
33%
Vogëlushët 1981 Jolanda Dhamo
33%
Pema e rinisë 1986 Lindita Theodhori
33%
Në emër të jetës 1988 Ludmilla Baballëku
33%
Udhëtoj e menduar 1989 Manjola Nallbani
33%
Një djep në barrikadë 1982 Marina Grabovari
33%
Ti end pranverë 1986 Mimoza Dhamo
33%
Vitet ikin ne rinojmë 1986 Mimoza Nazarko
33%
Jemi zemra e çdo moshe 1989 Morena Reka, Bledar Sejko & Redon Makashi
33%
Të përshëndes atdheu im 1984 Myfarete Laze
33%
Tokë plot begati 1985 Pëllumb Elmazi
33%
Kujtim i luftës 1981 Suzana Qatipi
33%
Duarartët tanë 1980 Tonin Tërshana
33%
Baresha 1989 Zeliha Sina
33%
No matching quizzes found
Score Distribution
Percent of People with Each Score
Percentile by Number Answered
Your Score History
You have not taken this quiz